A text on India's trade before and after liberalisation / (Record no. 22642)

MARC details
000 -LEADER
fixed length control field 00814nam a22002057a 4500
008 - FIXED-LENGTH DATA ELEMENTS--GENERAL INFORMATION
fixed length control field 090130t xxu||||| |||| 00| 0 eng d
010 ## - LCCN (DPL NO)
LC control number ENG-92699
020 ## - INTERNATIONAL STANDARD BOOK NUMBER
Terms of availability 75.00
International Standard Book Number 9788190792110
035 ## - SYSTEM CONTROL NUMBER
System control number EN-76232
037 ## - SOURCE OF ACQUISITION
Source of stock number/acquisition DBAD / PUB
040 ## - CATALOGING SOURCE
Original cataloging agency dpl
Language of cataloging English
082 ## - DEWEY DECIMAL CLASSIFICATION NUMBER
Classification number 382.0954
100 ## - MAIN ENTRY--PERSONAL NAME
Personal name Kumaraguru, S.
245 ## - TITLE STATEMENT
Title A text on India's trade before and after liberalisation /
Statement of responsibility, etc by S. Kumaraguru
260 ## - PUBLICATION, DISTRIBUTION, ETC. (IMPRINT)
Place of publication, distribution, etc Tamil Nadu
Name of publisher, distributor, etc Wisdom Publications
Date of publication, distribution, etc 1999
270 ## - ADDRESS
Address 59, Police Line, 6th Street, Panruti, Cuddlore
City Tamil Nadu
Postal code 607106
300 ## - PHYSICAL DESCRIPTION
Extent i, 71p.
Dimensions 20cm (pbk)
942 ## - ADDED ENTRY ELEMENTS (KOHA)
Source of classification or shelving scheme Dewey Decimal Classification
Item type English Books
Call number suffix KUM
Classification part 382.0954
Holdings
Withdrawn status Lost status Source of classification or shelving scheme Damaged status Not for loan Collection code Home library Current library Date acquired Source of acquisition Cost, normal purchase price Total Checkouts Full call number Barcode Date last seen Copy number Cost, replacement price Koha item type
    Dewey Decimal Classification   Not For Loan Non-fiction D.B.Act.Division D.B.Act.Division 02/02/2009 DBAD / PUB 75.00   382.0954 KUM EN-76232 30/01/2009 1 75.00 English Books

© Delhi Public Library
Hit Counter
free hit counter